书目信息 |
| 题名: |
斯巴达克思
|
|
| 作者: | 乔万尼奥里 著 ;李〓民 译 | |
| 分册: | ||
| 出版信息: | 上海 上海译文出版社 1978 |
|
| 页数: | 775页 | |
| 开本: | 19cm | |
| 丛书名: | ||
| 单 册: | ||
| 中图分类: | I546.44 , I546.4 | |
| 科图分类: | ||
| 主题词: | 长篇小说--意大利--近代 | |
| 电子资源: | ||
| ISBN: | ||
| 000 | 00696nam0 2200253 45 | |
| 001 | 1573185430 | |
| 005 | 20150125202016.14 | |
| 010 | @dCNY0.94 | |
| 091 | @aCN@b10188.24 | |
| 100 | @a19950721e19811978em y0chiy0121 ea | |
| 101 | 1 | @achi@cita |
| 102 | @aCN@b310000 | |
| 105 | @ay z 000ay | |
| 200 | 10 | @a斯巴达克思@Asi ba da ke si@f(意)乔万尼奥里著@g李〓民译 |
| 205 | @a新1版 | |
| 210 | @a上海@c上海译文出版社@d1978@h1981重印 | |
| 215 | @a775页@d19cm | |
| 606 | @a长篇小说@y意大利@z近代 | |
| 690 | @aI546.44@v3 | |
| 690 | @aI546.4@v4 | |
| 701 | 0 | @a乔万尼奥里@Aqiao wan ni ao li@4著 |
| 702 | 0 | @a李〓民@Ali liang min@4译 |
| 801 | 0 | @aCN@bTSSF@c20150125 |
| 905 | @aZUCC@dI546.4@eJY40:2 | |
| 斯巴达克思/(意)乔万尼奥里著/李〓民译.-新1版.-上海:上海译文出版社,1978(1981重印) |
| 775页;19cm |
| ISBN :CNY0.94 |
| ● |
| 相关链接 |
|
|
|
|
正题名:斯巴达克思
索取号:I546.4/JY40:2
 
预约/预借
| 序号 | 登录号 | 条形码 | 馆藏地/架位号 | 状态 | 备注 |
| 1 | 7839465 | 278394658 | 学院路分馆/ [索取号:I546.4/JY40:2] | 在馆 |